| 000 | 00984nas a2200277 4500 | ||
|---|---|---|---|
| 001 | BR0902158 | ||
| 003 | BR-BrBNA | ||
| 005 | 20231205112645.0 | ||
| 007 | ta | ||
| 008 | 230509b bl.|||p| |||| 00| 00por d | ||
| 040 |
_aBR-BrBNA _bpor _cBiblioteca Nacional de Agricultura |
||
| 041 | _a(Pt) | ||
| 072 | _aF08 | ||
| 100 | 1 | _aSilvestre, W.V.D. | |
| 100 | 1 | _aSantos Filho, B.G. dos | |
| 100 | 1 | _aMuller, M.W. | |
| 100 | 1 | _aSantos, D.S.B. dos | |
| 245 | 1 | _aParâmetros microclimáticos avaliados em diferentes arquiteturas de ambiente protegido, com e sem nebulização em cultivo de couve-flor (Brassica oleraceae var. Botritis), sob condições climáticas de Belém (PA) | |
| 650 | _aCOUVE-FLOR | ||
| 650 | _aCULTIVO PROTEGIDO | ||
| 650 | _aCONDIÇÃO AMBIENTAL | ||
| 650 | _aPARA | ||
| 773 | 0 |
_tRevista de Ciencias Agrarias (Brazil) _xISSN 1517-591X _g(Jan-Jun 2008), (no. 49) p. 115-126 _wBR0902158 |
|
| 909 |
_a202311 _bLúcia _c55 _dLúcia Elande |
||
| 942 |
_2AGRIS _n0 _cANA |
||
| 999 |
_c199216 _d199216 |
||